=LDR 00000nam 2200000 4500 =001 INLIS000000000024642 =005 20130612123221 =008 ***********************************ind** =035 ##$$0010-061300000024642 =041 ##$$a ind =082 ##$$a 2x4.1 =090 ##$$a 2x4.1, SHI f =100 ##$$a Shihab, M.Quraish =245 ##$$a Fatwa-fatwa M. Quraish Shihab, Seputar ibadah dan muamalah, M. Quraish Shihab =260 ##$$a 1999 $b Bandung =300 ##$$a xiii, 357 hlm., 17 cm =650 ##$$a Ibadah =850 ##$$a NBPNMAT